[Event "Belgrade Trophy 17th"]
[Site "Obrenovac"]
[Date "2004.11.22"]
[Round "1"]
[White "Kecap, Fikret"]
[Black "Vukanovic, Sasa"]
[Result "0-1"]
[WhiteElo "1988"]
[BlackElo "2343"]
[PlyCount "93"]
[EventDate "2004.11.22"]
[EventType "swiss"]
[EventRounds "9"]
[EventCountry "YUG"]
[SourceTitle "CBM 103 Extra"]
[Source "ChessBase"]
[SourceDate "2005.01.01"]
[SourceVersion "1"]
[SourceVersionDate "2005.01.01"]
[SourceQuality "1"]

1. e4 Nf6 2. Nc3 d5 3. e5 d4 4. exf6 dxc3 5. fxg7 cxd2+ 6. Qxd2 Qxd2+ 7. Bxd2 Bxg7 8. 0-0-0 Nc6 9. h3 Be6 10. Kb1 0-0-0 11. Nf3 Bf6 12. Be2 Rhg8 13. g3 Bf5 14. g4 Be4 15. Rhe1 e6 16. a3 Ne7 17. g5 Bg7 18. Nh4 Rd4 19. f4 Rgd8 20. Be3 R4d5 21. Bg4 Rb5 22. Bc1 Nd5 23. Rxd5 Bxd5 24. f5 Rb6 25. f6 Bf8 26. Nf3 Bxf3 27. Bxf3 Bxa3 28. Re4 Bd6 29. Rh4 Rh8 30. Be4 Rb5 31. Rxh7 Rxh7 32. Bxh7 Kd7 33. h4 Bg3 34. g6 fxg6 35. Bxg6 Bxh4 36. f7 Be7 37. Bh6 Ba3 38. f8Q Rxb2+ 39. Ka1 Bxf8 40. Bxf8 Rb5 41. Bd3 Rh5 42. Bg7 b5 43. Bc3 Kc6 44. Kb2 Kb6 45. Be2 Rh4 46. Bf6 Rh7 47. Bg5 0-1